Normal view
MARC view
- Business enterprises
Entry Topical Term
001 - CONTROL NUMBER
- control field: 6312
003 - CONTROL NUMBER IDENTIFIER
- control field: OSt
005 - DATE AND TIME OF LATEST TRANSACTION
- control field: 20170519091648.0
008 - FIXED-LENGTH DATA ELEMENTS
- fixed length control field: 170519|| aca||aabn | a|a d
040 ## - CATALOGING SOURCE
- Original cataloging agency: OSt
- Transcribing agency: OSt
150 ## - HEADING--TOPICAL TERM
- Topical term or geographic name entry element: Business enterprises
- General subdivision: Finance
- General subdivision: Miscellanea
670 ## - SOURCE DATA FOUND
- Source citation: Work cat.: (OSt)0: 101 soal jawab pengurusan kewangan /, 2002

PORTAL AKMAL
E-MEL JKDM
AKMAL2U
G-BAM
u-PUSTAKA